<?xml version="1.0" encoding="UTF-8"?><?xml-stylesheet type="text/xsl" href="static/style.xsl"?><OAI-PMH xmlns="http://www.openarchives.org/OAI/2.0/" xmlns:xsi="http://www.w3.org/2001/XMLSchema-instance" xsi:schemaLocation="http://www.openarchives.org/OAI/2.0/ http://www.openarchives.org/OAI/2.0/OAI-PMH.xsd"><responseDate>2026-04-17T12:05:57Z</responseDate><request verb="GetRecord" identifier="oai:riubu.ubu.es:10259/4624" metadataPrefix="marc">https://riubu.ubu.es/oai/request</request><GetRecord><record><header><identifier>oai:riubu.ubu.es:10259/4624</identifier><datestamp>2022-04-26T11:42:13Z</datestamp><setSpec>com_10259_2699</setSpec><setSpec>col_10259_2723</setSpec></header><metadata><record xmlns="http://www.loc.gov/MARC21/slim" xmlns:doc="http://www.lyncode.com/xoai" xmlns:xsi="http://www.w3.org/2001/XMLSchema-instance" xmlns:dcterms="http://purl.org/dc/terms/" xsi:schemaLocation="http://www.loc.gov/MARC21/slim http://www.loc.gov/standards/marcxml/schema/MARC21slim.xsd">
<leader>00925njm 22002777a 4500</leader>
<datafield tag="042" ind1=" " ind2=" ">
<subfield code="a">dc</subfield>
</datafield>
<datafield tag="720" ind1=" " ind2=" ">
<subfield code="a">Aragón Torre, Guillermo</subfield>
<subfield code="e">author</subfield>
</datafield>
<datafield tag="260" ind1=" " ind2=" ">
<subfield code="c">2016</subfield>
</datafield>
<datafield tag="520" ind1=" " ind2=" ">
<subfield code="a">El módulo de deformación de morteros de revestimiento se considera una propiedad fundamental en la mayoría de los estándares y sin embargo es una de las menos determinadas en el laboratorio. Hay todavía pocos estudios sobre su evaluación a partir de muestras recogidas in situ y la mayor parte de ellos enfocados al campo de la restauración. Se propone determinar el módulo de deformación dinámico de una única composición comercial de un mortero monocapa de revestimiento y comprobar en qué manera su medida está condicionada por el tipo de ensayo, la edad y la forma de la probeta, con el fin de poder llegar a correlacionar una muestra de formato 40 x 40 x 160 mm con otra no normalizada obtenida de un mortero puesto en obra. El procedimiento de ensayo de referencia es el propuesto por la norma americana de hormigón ASTM-C215</subfield>
</datafield>
<datafield tag="024" ind2=" " ind1="8">
<subfield code="a">http://hdl.handle.net/10259/4624</subfield>
</datafield>
<datafield tag="024" ind2=" " ind1="8">
<subfield code="a">10.36443/10259/4624</subfield>
</datafield>
<datafield ind1=" " ind2=" " tag="653">
<subfield code="a">Mortero monocapa</subfield>
</datafield>
<datafield ind1=" " ind2=" " tag="653">
<subfield code="a">Módulo de elasticidad dinámico</subfield>
</datafield>
<datafield ind1=" " ind2=" " tag="653">
<subfield code="a">Ensayos no destructivos END</subfield>
</datafield>
<datafield ind1=" " ind2=" " tag="653">
<subfield code="a">Frecuencia de resonancia</subfield>
</datafield>
<datafield ind1=" " ind2=" " tag="653">
<subfield code="a">In situ</subfield>
</datafield>
<datafield ind1=" " ind2=" " tag="653">
<subfield code="a">One-coat render mortar</subfield>
</datafield>
<datafield ind1=" " ind2=" " tag="653">
<subfield code="a">Dynamic modulus of elasticity</subfield>
</datafield>
<datafield ind1=" " ind2=" " tag="653">
<subfield code="a">Nondestructive test NDT</subfield>
</datafield>
<datafield ind1=" " ind2=" " tag="653">
<subfield code="a">Resonant frequency</subfield>
</datafield>
<datafield tag="245" ind1="0" ind2="0">
<subfield code="a">Determinación del módulo de deformación dinámico de un mortero de revestimiento a partir de muestras obtenidas en laboratorio e in situ</subfield>
</datafield>
</record></metadata></record></GetRecord></OAI-PMH>